书目信息 |
| 题名: |
菲尔丁—英国现实主义小说奠基人
|
|
| 作者: | 萧乾 著 | |
| 分册: | ||
| 出版信息: | 上海 上海译文出版社 1984 |
|
| 页数: | 114页 | |
| 开本: | 18cm | |
| 丛书名: | ||
| 单 册: | ||
| 中图分类: | I561.064 | |
| 科图分类: | ||
| 主题词: | 近代文学--文学评论 , 近代文学--文学研究 | |
| 电子资源: | ||
| ISBN: | ||
| 000 | 00698nam0 2200241 45 | |
| 001 | 0184003929 | |
| 005 | 20050317083706.9 | |
| 010 | @dCNY0.37 | |
| 091 | @a10188.477 | |
| 100 | @a19950607d1984 em y0chiy0121 ea | |
| 101 | 0 | @achi |
| 102 | @aCN@b310000 | |
| 105 | @ay z 000zd | |
| 200 | 10 | @a菲尔丁—英国现实主义小说奠基人@Afei er ding ying guo xian shi zhu yi xiao shuo dian ji ren@f萧乾著@FXiao Qian Zhu |
| 210 | @a上海@c上海译文出版社@d1984 | |
| 215 | @a114页@d18cm | |
| 606 | @a近代文学@x文学评论 | |
| 606 | @a近代文学@x文学研究 | |
| 690 | @aI561.064@v3 | |
| 701 | 0 | @a萧乾@4著 |
| 801 | 0 | @aCN@b上海图书馆@c20040409 |
| 801 | 2 | @aCN@bNLC@c20040409 |
| 905 | @dI561.064@e135@f1@b126321 | |
| 菲尔丁—英国现实主义小说奠基人/萧乾著.-上海:上海译文出版社,1984 |
| 114页;18cm |
| ISBN :CNY0.37 |
| ● |
| 相关链接 |
|
|
|
|
正题名:菲尔丁—英国现实主义小说奠基人
索取号:I561.064/135
 
预约/预借
| 序号 | 登录号 | 条形码 | 馆藏地/架位号 | 状态 | 备注 |
| 1 | 0126319 | 000681275 | 第二借阅区/ [索取号:I561.064/135] | 在馆 | |
| 2 | 0126320 | 000680846 | 第二借阅区/ [索取号:I561.064/135] | 在馆 | |
| 3 | 0126321 | 001967321 | 第二借阅区/ [索取号:I561.064/135] | 在馆 | |
| 4 | 0126322 | 000680766 | 第二借阅区/ [索取号:I561.064/135] | 在馆 | |
| 5 | 0126323 | 000681015 | 第一样本阅览室/ [索取号:I561.064/135] | 在馆 |